000 00720cam a22002292 4500
001 0000004518
005 20151217145813.0
008 070524s xx 000 0 eng d
020 _a0072546867 :
040 _aKABU
_cKABU
050 0 _aQA152.2
_b.S77
100 1 _aStreeter, James.
_@0000155077
245 1 0 _aPrealgebra :
_ban integrated equations approach /
_cJames Streeter, Donald Hutchison, Barry Bergman.
260 _aBoston :
_bMcGraw-Hill,
_c2003.
300 _axviii, 798 p.
650 0 _aAlgebra
_vTextbooks.
_@0000155117
700 1 _aHutchison, Donald.
_@0000155116
700 1 _aBergman, Barry.
_@0000155118
908 _a070524
950 _@1
999 _c2752
_d2752